Phoneboy Discography - Statistics

General Stats
  • This quiz has been taken 40 times
    22 since last reset
  • The average score is 27 of 33
Answer Stats
Answer % Correct
1987
92%
Fomo
92%
Moving Out
92%
Nevermind
92%
OMG
92%
Roses
92%
Acoustic Song
83%
Ferrari
83%
Gone, Gone, Gone
83%
Handheld
83%
Heartbreak Designer
83%
Hey, Kid!
83%
Hung Up
83%
I Look Alive
83%
Lately
83%
Need a Friend
83%
Open Up
83%
Runaway
83%
Running Out Of Time
83%
Sweater Song
83%
What a Coward
83%
Acid Girl
75%
Better Than You
75%
Cocolalla
75%
On and On
75%
Red Wine
75%
Talking to Heads
75%
Wayside
75%
Your Apartment
75%
Piss You Off
67%
Something On My Mind
67%
Wasting Time
67%
The City
58%
No matching quizzes found
Score Distribution
Percent of People with Each Score
Percentile by Number Answered
Your Score History
You have not taken this quiz since the last reset